Culture Générale - Série 2242 - Statistiques

Statistiques générales
  • Ce quiz a été pris 123 fois
  • Le résultat moyen est 7 sur 10
Statistiques - réponses
Question Réponse % Correct
Dans quel "art" excelle Alain Ducasse ? cuisine
90%
Quel prénom désigne un maillot de corps ? Marcel
90%
Prendre l'avantage sur quelqu'un, l'emporter : c'est damer le ... pion
89%
Quel anglicisme - signifiant "savon" - désigne un feuilleton télévisé populaire ? soap
86%
Quelle planète est aussi appelée "L'étoile du berger" ? Vénus
85%
Dans quel pays se trouve la ville de Darjeeling ? Inde
84%
Dans quelle île vit le primate appelé "aye-aye" ? voir photo Madagascar
61%
Étoffe qui servait à emmailloter un bébé lange
58%
Quel reptile est appelé "serpent de verre" ? orvet
54%
Dans le roman "Les Misérables" de Victor Hugo, quel est le prénom du fils de l'officier de l'armée napoléonienne Georges Pontmercy, blessé à Waterloo ? Marius
23%
Aucun quiz correspondant
Distribution des résultats
% des personnes avec chaque résultat
Percentile par nombre de réponses
Votre historique - résultats
Vous n’avez pas pris ce quiz